El estilo y la evolución de la cultura /
En este libro se presenta la evolución de algunas civilizaciones a partir, del punto de vista, de su producción artística. El estudio incluye las distintas civilizaciones europeas y Norteamérica indígena.
Guardado en:
| Hovedforfatter: | |
|---|---|
| Format: | Bog |
| Sprog: | spansk |
| Serier: | (Colección Universitaria de Bolsillo Punto Omega ;
55) |
| Fag: | |
| Tags: |
Ingen Tags, Vær først til at tagge denne postø!
|
MARC
| LEADER | 00000nam^a2200000^a^4500 | ||
|---|---|---|---|
| 001 | 000119888 | ||
| 005 | 20250521000000.0 | ||
| 009 | 20260310094333.81 | ||
| 037 | |a Acervo ITESO - Biblioteca | ||
| 041 | |a ESP | ||
| 082 | |a 909. |b KRO | ||
| 100 | |a Kroeber, A.L. |e (autor) | ||
| 245 | 1 | 3 | |a El estilo y la evolución de la cultura / |c A.L. Kroeber ; tr. por Angel Guillén. |
| 264 | |a Madrid, España : |b Guadarrama, |c 1969 | ||
| 300 | |a 286 p. | ||
| 336 | |a texto |b txt |2 rdacontenido | ||
| 337 | |a sin mediación |b n |2 rdamedio | ||
| 338 | |a volumen |b nc |2 rdasoporte | ||
| 440 | 1 | |a (Colección Universitaria de Bolsillo Punto Omega ; |v 55) | |
| 500 | |a Traducción de: Style and civilizations | ||
| 520 | |a En este libro se presenta la evolución de algunas civilizaciones a partir, del punto de vista, de su producción artística. El estudio incluye las distintas civilizaciones europeas y Norteamérica indígena. | ||
| 649 | |a XX | ||
| 650 | |a Cultura | ||
| 650 | |a Arte | ||
| 650 | |a Civilización | ||
| 650 | |a Europa - |x Historia | ||
| 650 | |a EUA - |x Historia | ||
| 650 | |a Sociología de la Cultura | ||
| 650 | |a Antropología Cultural | ||
| 650 | |a Historia Universal | ||
| 910 | |a Fondo Salvador Reynoso Reynoso | ||
| 920 | |a Impresos - Libros | ||
| 930 | |a Fondos Especiales | ||
| 905 | |a 112 | ||
| 901 | |a 0800005500 |b IT2 |c ESP |u 20250521 | ||
| 902 | |a https://opac.biblio.iteso.mx/vufind/Record/000119888 | ||